| 000 | 00476nam a2200169 4500 | ||
|---|---|---|---|
| 001 | 131187 | ||
| 003 | ES-MaACL | ||
| 005 | 20230906193930.0 | ||
| 007 | t| | ||
| 008 | 070214s1911 fr r ||||1| fre d | ||
| 100 | 1 |
_aRodin, Auguste. _998144 |
|
| 245 | 1 | 2 |
_aL'art / _cAuguste Rodin ; entretiens réunis par Paul Gsell. |
| 260 |
_aParis : _bE. Arrault et Cie., _c1911. |
||
| 300 |
_a318 p., láms. ; _c21 cm. |
||
| 700 | 1 |
_aGsell, Paul. _960267 |
|
| 852 |
_aES-MaACL _jF-10887 |
||
| 999 |
_c131187 _d131187 |
||